| 000 | 004030000a22001690004500 | ||
|---|---|---|---|
| 003 | MACL | ||
| 005 | 20160106135419.0 | ||
| 008 | 160106b xxu||||| |||| 00| 0 eng d | ||
| 040 |
_aMACL _cMACL |
||
| 041 | _aEnglish | ||
| 082 | _a823/KAY | ||
| 100 |
_aKaye, Mollie _928721 |
||
| 245 | _aStrange Island | ||
| 260 |
_bThacker & Co Ltd _c1944 _aBombay |
||
| 650 |
_aNovel _9153 |
||
| 942 |
_cBK _k823/KAY _2ddc |
||
| 999 |
_c39164 _d39164 |
||